[Event "Campobasso op 18th"]
[Site "Campobasso "]
[Date "2011.07.23"]
[Round "4"]
[White "Bove, Raffaele"]
[Black "Chicco, Giancarlo"]
[Result "1-0"]
[WhiteElo "1905"]
[BlackElo "1457"]
[PlyCount "65"]
[EventDate "2011.08.06"]
[EventType "swiss"]
[EventRounds "6"]
[EventCountry "ITA"]
[SourceTitle "EXT 2014"]
[Source "ChessBase"]
[SourceDate "2013.11.20"]
[SourceVersion "1"]
[SourceVersionDate "2013.11.20"]
[SourceQuality "1"]

1. b3 b6 2. Bb2 Bb7 3. c4 Nf6 4. d4 g6 5. d5 Bg7 6. e4 d6 7. f4 0-0 8. Nf3 Nxe4 9. Bxg7 Kxg7 10. Qd4+ Nf6 11. Nbd2 Kg8 12. Bd3 Na6 13. Rd1 c5 14. Qc3 Nb4 15. Bb1 a5 16. a3 Na6 17. f5 Bc8 18. Nh4 Ra7 19. 0-0 g5 20. Qg3 h6 21. Nhf3 Nh7 22. Rde1 f6 23. Nh4 Rf7 24. Ng6 Nf8 25. Qf3 Nxg6 26. fxg6 Rf8 27. g7 Kxg7 28. Qd3 f5 29. Re6 Bxe6 30. dxe6 Rf6 31. Rxf5 Qf8 32. Rxg5+ hxg5 33. Qh7# 1-0

[Event "Campobasso op 18th"]
[Site "Campobasso "]
[Date "2011.07.22"]
[Round "2"]
[White "Grasso, Nino"]
[Black "Bove, Raffaele"]
[Result "1-0"]
[WhiteElo "1987"]
[BlackElo "1905"]
[PlyCount "131"]
[EventDate "2011.08.06"]
[EventType "swiss"]
[EventRounds "6"]
[EventCountry "ITA"]
[SourceTitle "EXT 2014"]
[Source "ChessBase"]
[SourceDate "2013.11.20"]
[SourceVersion "1"]
[SourceVersionDate "2013.11.20"]
[SourceQuality "1"]

1. e4 g6 2. d4 Bg7 3. Nc3 d6 4. Be3 c6 5. Qd2 b5 6. Bd3 Bb7 7. h4 h5 8. 0-0-0 Nd7 9. Nf3 Nh6 10. Rhe1 Nb6 11. Ng5 Nc4 12. Bxc4 bxc4 13. f4 Bc8 14. d5 c5 15. e5 0-0 16. Qe2 Bg4 17. Nf3 Nf5 18. Bf2 dxe5 19. fxe5 Bh6+ 20. Kb1 Rb8 21. Qxc4 Qc7 22. Rd3 Rfc8 23. Ne4 Rb4 24. Qc3 Rcb8 25. Qxc5 Rxb2+ 26. Ka1 Qxc5 27. Bxc5 Rxc2 28. Rb1 Rc8 29. Ba3 Bg7 30. Bb2 Rxg2 31. d6 Rxb2 32. Kxb2 exd6 33. Nf6+ Bxf6 34. exf6 Nh6 35. Re1 Rb8+ 36. Kc3 Nf5 37. Ng5 Rd8 38. Rb1 a6 39. Rb7 Rf8 40. Kb4 Be2 41. Rd2 Bf1 42. Ka5 Bc4 43. Rdb2 Bb5 44. a4 Be8 45. R2b4 d5 46. Kxa6 Nd6 47. Rc7 d4 48. Kb6 d3 49. Rd4 Nf5 50. Rxd3 Bxa4 51. Ra7 Bc2 52. Rda3 Nd6 53. Kc5 Ne4+ 54. Nxe4 Bxe4 55. Re7 Bb1 56. Raa7 Bf5 57. Kd6 Bc2 58. Ke5 Bb3 59. Kf4 Rc8 60. Kg5 Kh7 61. Rxf7+ Bxf7 62. Rxf7+ Kh8 63. Kxg6 Rg8+ 64. Rg7 Ra8 65. Rh7+ Kg8 66. f7+ 1-0

[Event "Campobasso op-A 17th"]
[Site "Campobasso"]
[Date "2010.07.25"]
[Round "6"]
[White "Cordi, Domenico"]
[Black "Bove, Raffaele"]
[Result "1-0"]
[WhiteElo "2047"]
[BlackElo "1917"]
[PlyCount "79"]
[EventDate "2010.07.22"]
[EventType "swiss"]
[EventRounds "6"]
[EventCountry "ITA"]
[SourceTitle "EXT 2013"]
[Source "ChessBase"]
[SourceDate "2012.11.22"]
[SourceVersion "1"]
[SourceVersionDate "2012.11.22"]
[SourceQuality "1"]

1. d4 Nf6 2. c4 e6 3. Nf3 d5 4. Nc3 Nc6 5. Bg5 Be7 6. e3 0-0 7. Rc1 a6 8. c5 Bd7 9. Bd3 b6 10. cxb6 cxb6 11. 0-0 b5 12. a4 b4 13. Ne2 Ne8 14. h4 h6 15. Bxe7 Qxe7 16. Bb1 f5 17. Nf4 Kh7 18. h5 Rf6 19. Ng6 Qd8 20. Nfe5 Nxe5 21. dxe5 Rf7 22. b3 a5 23. f4 Rc8 24. Qd4 Nc7 25. Qb6 Na8 26. Qxd8 Rxd8 27. Rc5 Be8 28. Rfc1 Nb6 29. Rxa5 d4 30. exd4 Rxd4 31. Ra6 Nd5 32. Ra8 Nxf4 33. Nxf4 Rxf4 34. Rxe8 Rd7 35. Rxe6 Rd2 36. Rg6 Rdf2 37. Re1 Rb2 38. e6 Rh4 39. e7 Rxb1 40. e8Q 1-0

[Event "Campobasso op-A 17th"]
[Site "Campobasso"]
[Date "2010.07.24"]
[Round "4"]
[White "Sabia, Corrado"]
[Black "Bove, Raffaele"]
[Result "1-0"]
[WhiteElo "2212"]
[BlackElo "1917"]
[PlyCount "63"]
[EventDate "2010.07.22"]
[EventType "swiss"]
[EventRounds "6"]
[EventCountry "ITA"]
[SourceTitle "EXT 2013"]
[Source "ChessBase"]
[SourceDate "2012.11.22"]
[SourceVersion "1"]
[SourceVersionDate "2012.11.22"]
[SourceQuality "1"]

1. c4 Nf6 2. g3 c6 3. Nf3 e6 4. Bg2 Be7 5. b3 d5 6. Bb2 dxc4 7. bxc4 0-0 8. 0-0 c5 9. e3 Qb6 10. Qc2 Bd7 11. Nc3 Bc6 12. Rab1 Qa6 13. d3 b6 14. h3 Qb7 15. e4 Na6 16. a3 Rad8 17. Ne5 Nb8 18. f4 Nfd7 19. Nf3 f5 20. Rbe1 Bf6 21. g4 fxg4 22. hxg4 a6 23. g5 Be7 24. Ne2 Bd6 25. Qc3 Rf7 26. g6 Re7 27. gxh7+ Kh8 28. Ng5 Nf8 29. Rf3 e5 30. Ref1 exf4 31. Nxf4 Be5 32. Nfe6 1-0

[Event "Bisaccia op 2nd"]
[Site "Bisaccia"]
[Date "2010.06.01"]
[Round "5"]
[White "Gentile, Leonardo"]
[Black "Bove, Raffaele"]
[Result "0-1"]
[WhiteElo "1816"]
[BlackElo "1910"]
[PlyCount "76"]
[EventDate "2010.05.29"]
[EventType "swiss"]
[EventRounds "7"]
[EventCountry "ITA"]
[SourceTitle "EXT 2024"]
[Source "ChessBase"]
[SourceDate "2023.10.10"]
[SourceVersion "1"]
[SourceVersionDate "2023.10.10"]
[SourceQuality "1"]

1. d4 Nf6 2. c4 e6 3. Nc3 Bb4 4. e3 0-0 5. Bd3 b6 6. Nge2 Bb7 7. 0-0 d5 8. a3 Bd6 9. b4 dxc4 10. Bxc4 Ng4 11. f4 Bxg2 12. Kxg2 Qh4 13. Kf3 Nxh2+ 14. Ke4 Nxf1 15. Qxf1 Nd7 16. Bd2 e5 17. Qh1 Qxh1+ 18. Rxh1 exf4 19. exf4 c5 20. Nb5 Be7 21. Nc7 Nf6+ 22. Kd3 Rac8 23. Nd5 Nxd5 24. Bxd5 cxb4 25. axb4 Rfd8 26. Be4 h6 27. f5 Rc7 28. Rg1 Kf8 29. Rxg7 Kxg7 30. Nf4 Bg5 31. Nd5 Rcd7 32. Bc3 Rxd5 33. Bxd5 Rxd5 34. Ke4 Rb5 35. d5+ Kf8 36. Ke5 Be7 37. f6 Bxb4 38. Bxb4+ Rxb4 0-1

[Event "Porto San Giorgio op-A 21st"]
[Site "Porto San Giorgio"]
[Date "2009.08.24"]
[Round "4"]
[White "Stromboli, Carlo"]
[Black "Bove, Raffaele"]
[Result "1-0"]
[WhiteElo "2289"]
[BlackElo "1964"]
[PlyCount "71"]
[EventDate "2009.08.21"]
[EventType "swiss"]
[EventRounds "9"]
[EventCountry "ITA"]
[SourceTitle "CBM 131 Extra"]
[Source "ChessBase"]
[SourceDate "2009.09.03"]
[SourceVersion "2"]
[SourceVersionDate "2009.09.16"]
[SourceQuality "1"]

1. e4 c5 2. Nf3 d6 3. d4 cxd4 4. Nxd4 Nf6 5. Nc3 a6 6. h3 e6 7. g4 h6 8. Bg2 e5 9. Nde2 Nbd7 10. a4 Qa5 11. 0-0 Nc5 12. Qd2 Qd8 13. b3 Bd7 14. Ba3 Bc6 15. Qe3 Be7 16. Rad1 Qc7 17. f4 Nfd7 18. f5 Bg5 19. Qf2 Be7 20. Bc1 Nf6 21. Ng3 Rc8 22. Qf3 b6 23. Nd5 Bxd5 24. exd5 b5 25. axb5 axb5 26. Qe2 Rb8 27. Be3 Kd7 28. Qf2 Rhc8 29. Qe2 Bd8 30. h4 Nh7 31. g5 Nxg5 32. hxg5 Bxg5 33. Bxg5 hxg5 34. f6 Rh8 35. Qg4+ Kd8 36. fxg7 1-0

[Event "Bisaccia op"]
[Site "Bisaccia"]
[Date "2009.05.30"]
[Round "2"]
[White "Franciosi, Fausto"]
[Black "Bove, Raffaele"]
[Result "1-0"]
[WhiteElo "1903"]
[BlackElo "1993"]
[PlyCount "133"]
[EventDate "2009.05.29"]
[EventType "swiss"]
[EventRounds "7"]
[EventCountry "ITA"]
[SourceTitle "EXT 2011"]
[Source "ChessBase"]
[SourceDate "2010.11.26"]
[SourceVersion "1"]
[SourceVersionDate "2010.11.26"]
[SourceQuality "1"]

1. d4 Nf6 2. c4 e6 3. Nf3 b6 4. a3 Bb7 5. Nc3 Bxf3 6. exf3 Be7 7. Bd3 d5 8. cxd5 exd5 9. 0-0 0-0 10. Bg5 c5 11. dxc5 bxc5 12. Qd2 Nc6 13. Rad1 Nh5 14. Bxe7 Nxe7 15. Rfe1 Nc6 16. Nxd5 Nd4 17. Nc3 Qh4 18. Re4 Qf6 19. Rde1 Rad8 20. Ne2 Nxf3+ 21. gxf3 Qxf3 22. Nc1 Nf6 23. Qe3 Qh5 24. Rc4 Rd5 25. Kh1 Ng4 26. Qg3 Ne5 27. Rh4 Qf3+ 28. Qxf3 Nxf3 29. Bxh7+ Kh8 30. Be4+ Nxh4 31. Bxd5 Rd8 32. Bxf7 Rd2 33. Rf1 Rxb2 34. Nd3 Rc2 35. Ne5 Kh7 36. Bd5 Rc3 37. Nc4 g6 38. Re1 Rc2 39. Kg1 Kh6 40. Kf1 Rc3 41. Re3 Rc1+ 42. Ke2 Nf5 43. Rh3+ Kg7 44. Kd2 Ra1 45. Rc3 Nd4 46. Ke3 Re1+ 47. Kd2 Re2+ 48. Kd1 Rxf2 49. h3 Rf1+ 50. Kd2 Rf2+ 51. Ke1 Rh2 52. Nd6 Re2+ 53. Kf1 Re5 54. Rxc5 Ne6 55. Ra5 Nc7 56. Rxa7 Rxd5 57. Rxc7+ Kg8 58. Ne4 Ra5 59. Rc3 Kg7 60. Ke2 Kh6 61. Kd3 Ra4 62. Nc5 Rh4 63. Kc2 Kh5 64. Nd3 Re4 65. Kb3 g5 66. Nf2 Rf4 67. Ng4 1-0

[Event "Bisaccia op"]
[Site "Bisaccia"]
[Date "2009.05.29"]
[Round "1"]
[White "Bove, Raffaele"]
[Black "Aleksic, Nenad"]
[Result "0-1"]
[WhiteElo "1993"]
[BlackElo "2365"]
[PlyCount "82"]
[EventDate "2009.05.29"]
[EventType "swiss"]
[EventRounds "7"]
[EventCountry "ITA"]
[SourceTitle "EXT 2011"]
[Source "ChessBase"]
[SourceDate "2010.11.26"]
[SourceVersion "1"]
[SourceVersionDate "2010.11.26"]
[SourceQuality "1"]

1. e4 c5 2. Nf3 d6 3. c3 Nf6 4. Be2 Nbd7 5. d3 b6 6. Bf4 Bb7 7. 0-0 e6 8. Re1 Be7 9. Bf1 0-0 10. Nbd2 Nh5 11. Be3 Nhf6 12. Bf4 Qc7 13. h3 Rad8 14. Rc1 Rfe8 15. d4 Qb8 16. e5 Nd5 17. Bh2 cxd4 18. cxd4 dxe5 19. Nxe5 Nxe5 20. Bxe5 Bd6 21. Nc4 Bxe5 22. Nxe5 Nf6 23. Qa4 Rd6 24. Rc4 Bxg2 25. Qc2 Bxf1 26. Rxf1 Nd5 27. Rc1 Qd8 28. Rc8 Qg5+ 29. Kh1 Rdd8 30. Rxd8 Rxd8 31. Rg1 Qh4 32. Rg3 h6 33. Qd1 Qe4+ 34. f3 Qe3 35. Ng4 Qf4 36. Qg1 Ne7 37. Ne5 Nf5 38. Rg4 Qd2 39. Nc6 Rd6 40. Ne5 Rxd4 41. Rg2 Qf4 0-1